000 00940nas a2200325 4500
001 BR7603551
003 BR-BrBNA
005 20231205083014.0
007 ta
008 230509b bl.|||p| |||| 00| 00por d
040 _aBR-BrBNA
_bpor
_cBiblioteca Nacional de Agricultura
041 _a(Pt)
072 _aK20
100 1 _aAoki, H.
100 1 _aCavalli, A.C.
100 1 _aMcNeill, H.W.
100 1 _aOgawa, H.Y.
100 1 _aGuillaumon, J.R.
100 1 _aSerra Filho, R.
100 1 _aWaldman, H.
100 1 _aScarabucci, R.R.
245 1 _aDesenvolvimento de sistema semi-automatico para inventarios madeireiros [Pinheiro]
650 _aPINHEIRO
650 _aMADEIRA
650 _aSENSORIAMENTO REMOTO
650 _aINVENTARIO FLORESTAL
773 0 _tSilvicultura em Sao Paulo (Brazil)
_xISSN 0583-3132
_g(1976), v. 10 p. 137-147
_wBR7603551
909 _a202311
_bLúcia
_c55
_dLúcia Elande
942 _2AGRIS
_n0
_cANA
999 _c95695
_d95695